00354 a2200097 4500001001000000005001700010008004100027245011300068100002300181773005200204ART_2783820260410161950.0260409a 10aComparative study of Pierre Bonnards "Nude crouching in the Tub" and D. H. Lawrences "Gloire de Dijon Roses"1 aAcquarone, Cecilia0 tInveniog- Año 4, Nº 7 (dic. 2001)wREV27781